000 01059nam a22003137a 4500
003 EG-ScBUE
005 20220613102254.0
008 140626t2009 enka f 000 0 eng d
020 _a9781424001866
020 _a1424001862
040 _aEG-ScBUE
_beng
_erda
_cEG-ScBUE
_dEG-ScBUE
082 0 4 _222
_a428.0071
_bAND
100 1 _936011
_aAnderson, Neil J.,
_eauthor.
245 1 0 _aActive skills for reading.
_nbook 1 /
_cNeil J. Anderson.
250 _aSecond edition.
264 1 _aBoston, Massachusetts :
_bThomson Place,
_c[2009]
264 4 _cc2009
300 _a176 pages :
_billustrations ;
_c25 cm
336 _2rdacontent
_atext
_btxt
337 _2rdamedia
_aunmediated
_bn
338 _2rdacarrier
_avolume
_bnc
650 7 _92827
_aReading Comprehension
_vProblems, exercises, etc.
_2BUEsh
650 7 _913995
_aReading comprehension.
_2BUEsh
650 7 _934
_aEnglish language
_xStudy and teaching
_xForeign speakers.
_2BUEsh
651 _2BUEsh
653 _cJune2014
_bHHUUEENN
655 _vReading book
_934232
942 _2ddc
_k428.0071 AND
_cBB
999 _c18316
_d18288